000 00703nam a2200289Ia 4500
005 20260324150838.0
008 008 260324s9999 xx 000 0 eng d
020 _a9781315122892
037 _aEBOOK
040 _aCRL
040 _beng
040 _cCRL
041 _2eng
041 _aeng
084 _qCRL
100 _aMcDougall William
_9762
245 0 _aRevival: Religion and the Sciences of Life (1934)
245 0 _bWith Other Essays and Allied Topics
260 _bTaylor and Francis
260 _c1934
365 _a
365 _b300
856 _uhttp://www.taylorfrancis.com/books/9781315122892
942 _cEBOOK
999 _c1837980
_d1837980